|
|
|
|
| LEADER |
00000cam a22000004a 4500 |
| 001 |
musev2_47883 |
| 003 |
MdBmJHUP |
| 005 |
20230905044956.0 |
| 006 |
m o d |
| 007 |
cr||||||||nn|n |
| 008 |
160122s2016 nyu o 00 0 eng d |
| 020 |
|
|
|a 9781942242826
|
| 020 |
|
|
|z 9781939161628
|
| 020 |
|
|
|z 9781939161826
|
| 035 |
|
|
|a (OCoLC)957571078
|
| 040 |
|
|
|a MdBmJHUP
|c MdBmJHUP
|
| 100 |
1 |
|
|a Williams, Nicholas Morrow.
|
| 245 |
1 |
4 |
|a The Residue of Dreams :
|b Selected Poems of Jao Tsung-i /
|c Nicholas Morrow Williams.
|
| 250 |
|
|
|a 1st edition.
|
| 264 |
|
1 |
|a Ithaca, NY :
|b Cornell East Asia Program,
|c 2016.
|
| 264 |
|
3 |
|a Baltimore, Md. :
|b Project MUSE,
|c 2016
|
| 264 |
|
4 |
|c ©2016.
|
| 300 |
|
|
|a 1 online resource (228 pages).
|
| 336 |
|
|
|a text
|b txt
|2 rdacontent
|
| 337 |
|
|
|a computer
|b c
|2 rdamedia
|
| 338 |
|
|
|a online resource
|b cr
|2 rdacarrier
|
| 490 |
0 |
|
|a Cornell East Asia Series ;
|v 182
|
| 588 |
|
|
|a Description based on print version record.
|
| 650 |
|
7 |
|a Chinese poetry.
|2 fast
|0 (OCoLC)fst00857672
|
| 650 |
|
0 |
|a Chinese poetry
|v Translations into English.
|
| 655 |
|
7 |
|a Translations.
|2 fast
|0 (OCoLC)fst01423791
|
| 655 |
|
0 |
|a Chinese poetry.
|
| 655 |
|
7 |
|a Electronic books.
|2 local
|
| 710 |
2 |
|
|a Project Muse.
|e distributor
|
| 830 |
|
0 |
|a Book collections on Project MUSE.
|
| 856 |
4 |
0 |
|z Texto completo
|u https://projectmuse.uam.elogim.com/book/47883/
|
| 945 |
|
|
|a Project MUSE - Custom Collection
|
| 945 |
|
|
|a Project MUSE - 2016 Complete
|
| 945 |
|
|
|a Project MUSE - 2016 Poetry, Fiction and Creative Non-Fiction
|
| 945 |
|
|
|a Project MUSE - 2016 Asian and Pacific Studies
|